00492nam a2200157Ia 4500003000400000005001700004008004000021020001800061040000700079041001200086082001600098100006100114245008800175260006300263300000800326OSt20260406144158.0210210b1997 xxu||||| |||| 00| 0 eng d a81 7119 335 8 cAL aKannada aH491.3 SIMR aSIMHA (Vijaypal).d सिंह (विजयपाल) aRitikalin sahity kosh.bरीतिकालीन साहित्य कोष aNayi Dilli.bRadhaKrashn Prakashan Praivat Limited.,c1997 a705